| 000 | 00800cab a2200229 4500 | ||
|---|---|---|---|
| 001 | ABS48953 | ||
| 008 | 090401t1993 xxu||||| |||| 00| 0 eng d | ||
| 035 | _a(Sirsi) u69233 | ||
| 041 | _aeng | ||
| 245 | _aCoordinated project information and conservation works | ||
| 260 | _c1993 | ||
| 350 | _a0 | ||
| 490 |
_aConservation Bulletin _v(20) July 1993, 3-5(3) |
||
| 520 | _aAssesses the applications of CPI to conservation work on buildings as a means of achieving consistancy and accuracy in the production of drawings, specifications and bills of quantities. | ||
| 650 | _aCOMMON ARRANGEMENT OF WORK SECTIONS | ||
| 650 | _aCONSERVATION WORKS | ||
| 650 | _aCOORDINATED PROJECT INFORMATION | ||
| 650 | _aPROJECT INFORMATION | ||
| 690 | _aCONSERVATION | ||
| 942 | _n0 | ||
| 948 | _c04/03/1997 | ||
| 999 |
_c43485 _d43485 |
||